[Event "NW Regional Scholastic Championships"]
[Site "Chess.com"]
[Date "2020.05.16"]
[Round "?"]
[White "kespidey7"]
[Black "SNEHASANKAR"]
[Result "0-1"]
[WhiteElo "1059"]
[BlackElo "800"]
[PlyCount "62"]
[EventDate "2020.??.??"]

1. e4 e6 2. Qf3 Nf6 3. Bc4 d5 4. Bb5+ Nc6 5. Ba4 Bd7 6. exd5 exd5 7. d3 Be7 8.
c4 dxc4 9. dxc4 O-O 10. Ne2 Bb4+ 11. Bd2 Bd6 12. O-O Qe7 13. b4 Ne5 14. b5
Nxf3+ 15. gxf3 Qxe2 16. b6 axb6 17. Bd1 Qe8 18. Re1 Qd8 19. a4 Re8 20. Ra3
Rxe1+ 21. Bxe1 Bxa3 22. Nxa3 Qe7 23. a5 Qxe1+ 24. Kg2 Qxd1 25. axb6 cxb6 26. f4
Qg4+ 27. Kf1 Ne4 28. f3 Qxf3+ 29. Kg1 Qf2+ 30. Kh1 Bc6 31. f5 Nd2# 0-1

[Event "NW Regional Scholastic Championships"]
[Site "Chess.com"]
[Date "2020.05.16"]
[Round "?"]
[White "BlitzMaster9000"]
[Black "joeyschulte"]
[Result "1-0"]
[WhiteElo "1000"]
[BlackElo "1000"]
[PlyCount "89"]
[EventDate "2020.??.??"]

1. e4 Na6 2. Bxa6 bxa6 3. d4 e5 4. dxe5 Bb4+ 5. c3 Ba5 6. b4 Bb6 7. Nh3 Qh4 8.
g3 Ne7 9. Bg5 f6 10. Bxh4 g5 11. Bxg5 fxg5 12. Nxg5 Bb7 13. e6 dxe6 14. Nxe6
Kf7 15. Qd7 Rhd8 16. Qxd8 Kxe6 17. Qxa8 Bxa8 18. O-O Bxe4 19. Re1 Nf5 20. Rxe4+
Kd5 21. Rf4 Ke5 22. Nd2 Nh6 23. Re1+ Kd5 24. Rd4+ Kc6 25. Rh4 Nf7 26. Rxh7 Ng5
27. Rh6+ Kd5 28. c4+ Kd4 29. Rh4+ Kc3 30. Nb1+ Kb2 31. c5 Nf3+ 32. Kg2 Nxe1+
33. Kf1 Nf3 34. Rh6 a5 35. cxb6 axb4 36. bxc7 Nd2+ 37. Nxd2 b3 38. Nxb3 a5 39.
c8=Q Kxa2 40. Qc2+ Ka3 41. Ra6 a4 42. Qc5+ Kxb3 43. Rb6+ Ka2 44. Qb4 a3 45.
Qb1# 1-0

[Event "NW Regional Scholastic Championships"]
[Site "Chess.com"]
[Date "2020.05.16"]
[Round "?"]
[White "kespidey7"]
[Black "joeyschulte"]
[Result "1-0"]
[WhiteElo "1059"]
[BlackElo "1000"]
[PlyCount "31"]
[EventDate "2020.??.??"]

1. e4 e5 2. Qf3 Bd6 3. Bc4 Nh6 4. g4 Qh4 5. g5 Ng4 6. Qxf7+ Kd8 7. g6 hxg6 8.
d3 Nh6 9. Bg5+ Qxg5 10. Qxg7 Nf5 11. Qxh8+ Ke7 12. h4 Qf6 13. h5 gxh5 14. Rxh5
Ng3 15. Rh7+ Qf7 16. Rxf7# 1-0

[Event "NW Regional Scholastic Championships"]
[Site "Chess.com"]
[Date "2020.05.16"]
[Round "?"]
[White "Jetab"]
[Black "CullenCMalone"]
[Result "0-1"]
[WhiteElo "1200"]
[BlackElo "1200"]
[PlyCount "62"]
[EventDate "2020.??.??"]

1. e4 e5 2. Nf3 d6 3. Nc3 Nc6 4. Bb5 a6 5. Bxc6+ bxc6 6. O-O a5 7. Qe2 Ba6 8.
Qd1 Bxf1 9. Qxf1 d5 10. exd5 cxd5 11. Nxd5 Qxd5 12. c4 Qc5 13. b3 a4 14. bxa4
Rxa4 15. d4 exd4 16. Qe1+ Ne7 17. Qd1 Rxc4 18. Rb1 Nc6 19. Ng5 Nb4 20. Qe1+ Be7
21. Qd1 O-O 22. Qh5 h6 23. Qxf7+ Rxf7 24. Nxf7 Kxf7 25. Bd2 Nxa2 26. Re1 Nc1
27. Re4 Ne2+ 28. Rxe2 Rc1+ 29. Re1 Rxe1+ 30. Bxe1 Qc1 31. Kf1 d3 0-1

[Event "NW Regional Scholastic Championships"]
[Site "Chess.com"]
[Date "2020.05.16"]
[Round "?"]
[White "skibrosv"]
[Black "Jetab"]
[Result "1-0"]
[WhiteElo "1182"]
[BlackElo "1200"]
[PlyCount "73"]
[EventDate "2020.??.??"]

1. e4 e5 2. Nf3 Nc6 3. Nc3 Nf6 4. Bc4 Nxe4 5. Nxe4 d5 6. Bxd5 Qxd5 7. Nc3 Qc5
8. d3 g5 9. Bxg5 h6 10. Be3 h5 11. Bxc5 Bxc5 12. O-O Rg8 13. a3 Bh3 14. Re1
Rxg2+ 15. Kh1 Ke7 16. Nd5+ Kd6 17. Ne3 e4 18. Nxg2 exf3 19. Nf4 Bg4 20. Rg1 Bd7
21. Rg7 Bxf2 22. Rxf7 Be6 23. Rf6 Rg8 24. Rxe6+ Kd7 25. Qxf3 Rg1+ 26. Rxg1 Bxg1
27. Kxg1 Nd4 28. Qd5+ Kc8 29. Qxd4 b6 30. Qe4 c6 31. Qxc6+ Kd8 32. Qe8+ Kc7 33.
Nd5+ Kb7 34. Qe7+ Ka6 35. Qb4 Kb7 36. Re7+ Ka6 37. Qa4# 1-0

[Event "NW Regional Scholastic Championships"]
[Site "Chess.com"]
[Date "2020.05.16"]
[Round "?"]
[White "Jetab"]
[Black "kespidey7"]
[Result "1/2-1/2"]
[WhiteElo "1200"]
[BlackElo "1059"]
[PlyCount "115"]
[EventDate "2020.??.??"]

1. e4 e5 2. Nf3 Bc5 3. Nc3 Qf6 4. Bc4 g5 5. O-O g4 6. Ng5 Nh6 7. d4 Bxd4 8. a3
g3 9. h4 Ng4 10. Nf3 Qd6 11. Nb5 Bxf2+ 12. Rxf2 Qxd1+ 13. Rf1 Qxf1+ 14. Kxf1
Nh2+ 15. Kg1 Nxf3+ 16. gxf3 g2 17. Kxg2 d5 18. exd5 h5 19. Nxc7+ Kd7 20. Nxa8
Rg8+ 21. Kf2 Nc6 22. dxc6+ bxc6 23. Bf4 exf4 24. Rd1+ Ke8 25. Rd6 Ke7 26. Rxc6
Bd7 27. Rc7 Rxa8 28. Bb5 Rd8 29. Bxd7 Rxd7 30. Rxd7+ Kxd7 31. Ke2 f5 32. Kd2 a5
33. c4 a4 34. Kd3 Kd6 35. Kd4 Kc6 36. b4 Kc7 37. b5 Kb6 38. Kd5 Ka5 39. c5 Kxb5
40. c6 Kb6 41. Kd6 Ka7 42. c7 Kb7 43. Kd7 Kb6 44. c8=Q Kb5 45. Qb8+ Kc4 46.
Qb4+ Kd5 47. Qxa4 Ke5 48. Qd1 Kf6 49. Qe1 Kg6 50. a4 Kf6 51. a5 Kf7 52. a6 Kf8
53. a7 Kf7 54. a8=Q Kf6 55. Kc6 Kg6 56. Qe6+ Kg7 57. Qae8 Kh7 58. Qf6 1/2-1/2

[Event "NW Regional Scholastic Championships"]
[Site "Chess.com"]
[Date "2020.05.16"]
[Round "?"]
[White "Loch_Ness_Player"]
[Black "Jetab"]
[Result "1-0"]
[WhiteElo "918"]
[BlackElo "1200"]
[PlyCount "47"]
[EventDate "2020.??.??"]

1. e3 e5 2. f4 exf4 3. exf4 Qe7+ 4. Be2 Qh4+ 5. g3 Qe7 6. Nc3 Nc6 7. d4 d6 8.
Nf3 Nf6 9. O-O Bf5 10. d5 Nb4 11. Bb5+ c6 12. dxc6 Bd3 13. cxb7+ Bxb5 14.
bxa8=Q+ Kd7 15. Qxa7+ Ke6 16. Qe3+ Kd7 17. Qxe7+ Bxe7 18. Qd4 Bxf1 19. Qxb4 Ba6
20. Qa4+ Kc7 21. Qxa6 d5 22. Nb5+ Kd7 23. Qa7+ Ke6 24. Nfd4# 1-0

[Event "NW Regional Scholastic Championships"]
[Site "Chess.com"]
[Date "2020.05.16"]
[Round "?"]
[White "harshilvemuri"]
[Black "hello2011"]
[Result "0-1"]
[WhiteElo "982"]
[BlackElo "1125"]
[PlyCount "58"]
[EventDate "2020.??.??"]

1. d4 d5 2. Nc3 Nf6 3. Bf4 Bf5 4. Nb5 Na6 5. a3 e6 6. Qd2 Bd6 7. Nxd6+ cxd6 8.
O-O-O O-O 9. e3 Rc8 10. Bd3 Bg4 11. f3 Bf5 12. e4 dxe4 13. fxe4 Nxe4 14. Re1
Nxd2 15. Kxd2 Qa5+ 16. c3 Bxd3 17. Kxd3 Qb5+ 18. Kd2 Qxb2+ 19. Kd3 Qxc3+ 20.
Ke2 Qc4+ 21. Kf2 Qxd4+ 22. Be3 Rc2+ 23. Ne2 Qf6+ 24. Kg1 h6 25. Bf2 Nc5 26.
Bxc5 dxc5 27. Rf1 Qe5 28. Nc1 Qe3+ 29. Rf2 Rxc1# 0-1

[Event "NW Regional Scholastic Championships"]
[Site "Chess.com"]
[Date "2020.05.16"]
[Round "?"]
[White "joeyschulte"]
[Black "harshilvemuri"]
[Result "0-1"]
[WhiteElo "1000"]
[BlackElo "982"]
[PlyCount "40"]
[EventDate "2020.??.??"]

1. e3 e5 2. Qf3 Nc6 3. Bc4 Nf6 4. Nh3 Bc5 5. b4 Bxb4 6. c3 Ba5 7. Ba3 d6 8. d4
Bg4 9. Qg3 O-O 10. Nd2 Bxc3 11. f3 Bxa1 12. fxg4 exd4 13. Ke2 Re8 14. Rxa1
Rxe3+ 15. Kf2 Rxg3 16. hxg3 Qe7 17. g5 Qe3+ 18. Kf1 Qxd2 19. Bb3 Ne4 20. Nf4
Qf2# 0-1

[Event "NW Regional Scholastic Championships"]
[Site "Chess.com"]
[Date "2020.05.16"]
[Round "?"]
[White "harshilvemuri"]
[Black "RescuePawn2"]
[Result "1-0"]
[WhiteElo "982"]
[BlackElo "693"]
[PlyCount "111"]
[EventDate "2020.??.??"]

1. d4 d5 2. Nf3 Nf6 3. Bf4 e6 4. Nc3 Nc6 5. Nb5 Rb8 6. Bxc7 Qd7 7. Bxb8 Nxb8 8.
e3 Bb4+ 9. Nc3 O-O 10. Bb5 Qc7 11. Qd2 Bxc3 12. Qxc3 Qxc3+ 13. bxc3 Ne4 14. c4
Nc3 15. cxd5 exd5 16. Bd3 Bg4 17. Ne5 Bh5 18. O-O f6 19. Nf3 Bg6 20. Bxg6 hxg6
21. g3 Nc6 22. a4 Nb4 23. Ne1 a6 24. a5 Rb8 25. Ra3 b6 26. axb6 Rxb6 27. Rxc3
Rc6 28. Rxc6 Nxc6 29. Nd3 a5 30. Ra1 Kh7 31. Nb2 Nb4 32. c4 dxc4 33. Nxc4 Nc2
34. Rxa5 f5 35. d5 Nb4 36. d6 Nc6 37. Ra6 Nd8 38. d7 Kg8 39. Ra8 Kf7 40. Rxd8
Ke7 41. Re8+ Kxd7 42. Rg8 g5 43. Rxg7+ Ke6 44. Rxg5 Kf6 45. h4 f4 46. exf4 Ke6
47. h5 Kf6 48. h6 Ke6 49. h7 Kf7 50. h8=Q Ke7 51. Rf5 Ke6 52. Qe5+ Kd7 53. Rf6
Kd8 54. Qa5+ Ke8 55. Qa7 Kd8 56. Rf8# 1-0

[Event "NW Regional Scholastic Championships"]
[Site "Chess.com"]
[Date "2020.05.16"]
[Round "?"]
[White "harshilvemuri"]
[Black "BlitzMaster9000"]
[Result "1-0"]
[WhiteElo "982"]
[BlackElo "1000"]
[PlyCount "101"]
[EventDate "2020.??.??"]

1. d4 d5 2. Bf4 e6 3. Nc3 Bb4 4. Qd2 Nf6 5. Bg5 Bxc3 6. Qxc3 Ne4 7. Bxd8 Nxc3
8. Bxc7 Nb5 9. Ba5 Nxd4 10. O-O-O Ndc6 11. Bc3 d4 12. Bxd4 Nxd4 13. Rxd4 e5 14.
Re4 Bf5 15. Rxe5+ Be6 16. f4 O-O 17. g3 Nc6 18. Re3 Bxa2 19. Bg2 Rad8 20. Bxc6
bxc6 21. Nf3 Bd5 22. Rd3 Be4 23. Rxd8 Rxd8 24. h4 Rc8 25. g4 c5 26. g5 f6 27.
gxf6 gxf6 28. Rg1+ Bg6 29. f5 a5 30. fxg6 hxg6 31. Rxg6+ Kh7 32. Rxf6 c4 33. h5
a4 34. h6 c3 35. Ng5+ Kg8 36. h7+ Kg7 37. Ra6 Rb8 38. bxc3 Rh8 39. Rxa4 Kh6 40.
Nf7+ Kxh7 41. Nxh8 Kxh8 42. Ra7 Kg8 43. c4 Kf8 44. e4 Ke8 45. c5 Kd8 46. e5 Kc8
47. e6 Kd8 48. c6 Kc8 49. e7 Kb8 50. Rd7 Kc8 51. e8=Q# 1-0

[Event "NW Regional Scholastic Championships"]
[Site "Chess.com"]
[Date "2020.05.16"]
[Round "?"]
[White "Ne_Jay"]
[Black "lakedog208"]
[Result "1-0"]
[WhiteElo "1078"]
[BlackElo "854"]
[PlyCount "63"]
[EventDate "2020.??.??"]

1. e4 e5 2. Nf3 Nc6 3. Bc4 Nf6 4. Ng5 d5 5. exd5 Nxd5 6. Qf3 f6 7. Ne4 Nd4 8.
Qd3 Nf5 9. Bb5+ c6 10. Bc4 Be6 11. O-O Bc5 12. Qg3 Nxg3 13. hxg3 O-O 14. d3 Bd4
15. c3 Bb6 16. Nbd2 Nc7 17. Bxe6+ Nxe6 18. Nc4 Qxd3 19. Nxb6 Rab8 20. b4 Qxe4
21. Nd7 Rbd8 22. Nxf8 Rxf8 23. Be3 Qc4 24. Rfc1 Qe2 25. Bxa7 Ra8 26. Re1 Qc2
27. Be3 Qxc3 28. Rab1 Rxa2 29. Red1 Nc5 30. bxc5 f5 31. Rxb7 Qc2 32. Rd8# 1-0

[Event "NW Regional Scholastic Championships"]
[Site "Chess.com"]
[Date "2020.05.16"]
[Round "?"]
[White "SNEHASANKAR"]
[Black "Ne_Jay"]
[Result "1-0"]
[WhiteElo "800"]
[BlackElo "1078"]
[PlyCount "37"]
[EventDate "2020.??.??"]

1. e4 e5 2. d4 exd4 3. c3 dxc3 4. Bc4 cxb2 5. Bxb2 Bb4+ 6. Nc3 Nf6 7. Nf3 Bc5
8. O-O O-O 9. e5 Ng4 10. Ne4 Bb4 11. Bd4 Nc6 12. Bb2 Qe8 13. Nfg5 Ncxe5 14. Be2
d5 15. Nc3 c6 16. Bxg4 Nxg4 17. Re1 Qd7 18. Qd3 Qd6 19. Qxh7# 1-0

[Event "NW Regional Scholastic Championships"]
[Site "Chess.com"]
[Date "2020.05.16"]
[Round "?"]
[White "Ne_Jay"]
[Black "harshilvemuri"]
[Result "0-1"]
[WhiteElo "1078"]
[BlackElo "982"]
[PlyCount "44"]
[EventDate "2020.??.??"]

1. e4 e5 2. Nf3 Nc6 3. Bc4 h6 4. Nc3 Nf6 5. O-O Bc5 6. h3 O-O 7. d3 Bd4 8. Nxd4
exd4 9. Nd5 Nxd5 10. Bxd5 Nb4 11. Bc4 b6 12. Qg4 d5 13. exd5 Bxg4 14. hxg4 Nxc2
15. Rb1 b5 16. Bxb5 Qxd5 17. a4 a6 18. Bc4 Qd7 19. a5 Qxg4 20. f3 Qg3 21. Bd2
Ne3 22. Be1 Qxg2# 0-1

[Event "NW Regional Scholastic Championships"]
[Site "Chess.com"]
[Date "2020.05.16"]
[Round "?"]
[White "Loch_Ness_Player"]
[Black "veeksha_alicorn"]
[Result "1-0"]
[WhiteElo "918"]
[BlackElo "171"]
[PlyCount "93"]
[EventDate "2020.??.??"]

1. e4 e5 2. Nf3 Nc6 3. d3 Nf6 4. Nc3 Bc5 5. Bg5 d6 6. Bxf6 Qxf6 7. Nd5 Qd8 8.
d4 f6 9. dxc5 dxc5 10. Qd2 Be6 11. O-O-O Bxd5 12. Qxd5 Qe7 13. Bb5 Rd8 14.
Bxc6+ Kf8 15. Qxd8+ Qxd8 16. Rxd8+ Ke7 17. Rxh8 bxc6 18. Rxh7 Kd6 19. Rd1+ Ke6
20. Rxg7 f5 21. Ng5+ Kf6 22. Rg8 fxe4 23. Nxe4+ Kf5 24. Ng3+ Kf4 25. Rd3 e4 26.
Rf8+ Ke5 27. Rdf3 exf3 28. gxf3 Kd4 29. Rd8+ Kc4 30. Ne2 Kb4 31. Rd3 c4 32. c3+
Kc5 33. Rd1 Kb5 34. Nd4+ Ka5 35. Nb3+ Ka4 36. Nc5+ Kb5 37. Ne4 Ka4 38. b3+ cxb3
39. axb3+ Ka3 40. b4 Ka2 41. h4 Ka1 42. h5 a5 43. bxa5 c5 44. Rd2 c6 45. a6 c4
46. a7 c5 47. a8=Q# 1-0

[Event "NW Regional Scholastic Championships"]
[Site "Chess.com"]
[Date "2020.05.16"]
[Round "?"]
[White "veeksha_alicorn"]
[Black "Jetab"]
[Result "0-1"]
[WhiteElo "171"]
[BlackElo "1200"]
[PlyCount "36"]
[EventDate "2020.??.??"]

1. e4 e5 2. d4 exd4 3. Nf3 Nc6 4. Ng5 Nf6 5. e5 Nxe5 6. f4 Nc6 7. f5 Bb4+ 8.
Bd2 Qe7+ 9. Kf2 Bc5 10. Ne4 Nxe4+ 11. Ke2 Nxd2+ 12. Kd3 Nxf1 13. f6 gxf6 14. g4
Ne3 15. Qf3 Qe6 16. Rg1 Qc4+ 17. Ke4 Qd5+ 18. Kf4 Qe5# 0-1

[Event "NW Regional Scholastic Championships"]
[Site "Chess.com"]
[Date "2020.05.16"]
[Round "?"]
[White "juanpalr"]
[Black "RescuePawn2"]
[Result "0-1"]
[WhiteElo "1000"]
[BlackElo "693"]
[PlyCount "52"]
[EventDate "2020.??.??"]

1. Nc3 e5 2. Nf3 Nc6 3. e3 Bc5 4. Bd3 Nf6 5. O-O O-O 6. Bc4 h6 7. e4 d6 8. d3
Bg4 9. Bf4 exf4 10. g3 fxg3 11. Ng5 hxg5 12. e5 dxe5 13. Qe1 gxf2+ 14. Qxf2
Bxf2+ 15. Kxf2 Qd4+ 16. Kg3 Ne7 17. Ne2 Qxb2 18. Rad1 Qxc2 19. Rc1 Qxe2 20. Rf2
Qe3+ 21. Kg2 Qxc1 22. Bb3 Rfd8 23. Rf1 Qc3 24. Rb1 Rxd3 25. a4 Rad8 26. Rc1
Qxc1 0-1

[Event "NW Regional Scholastic Championships"]
[Site "Chess.com"]
[Date "2020.05.16"]
[Round "?"]
[White "juanpalr"]
[Black "skibrosv"]
[Result "0-1"]
[WhiteElo "1000"]
[BlackElo "1182"]
[PlyCount "48"]
[EventDate "2020.??.??"]

1. e4 e5 2. Bc4 Nf6 3. Qh5 Nxh5 4. Nf3 Nf4 5. d4 exd4 6. Bxf4 Bb4+ 7. Ke2 Bd6
8. Nc3 Bxf4 9. Nxd4 Nc6 10. g3 Nxd4+ 11. Kd3 Be5 12. f4 Nc6 13. fxe5 Nxe5+ 14.
Ke2 Nxc4 15. Rhd1 Nxb2 16. Rab1 Nxd1 17. Rxd1 d6 18. Rd3 Bg4+ 19. Kf1 Qf6+ 20.
Rf3 Qxf3+ 21. Kg1 Qd1+ 22. Kf2 Qf3+ 23. Kg1 Bh3 24. g4 Qg2# 0-1

[Event "NW Regional Scholastic Championships"]
[Site "Chess.com"]
[Date "2020.05.16"]
[Round "?"]
[White "BlitzMaster9000"]
[Black "juanpalr"]
[Result "1-0"]
[WhiteElo "1000"]
[BlackElo "1000"]
[PlyCount "43"]
[EventDate "2020.??.??"]

1. e4 d6 2. d4 d5 3. exd5 Bf5 4. Bd3 Qd6 5. Bxf5 Qa6 6. Bd3 Qa4 7. Nc3 Qxc2 8.
Bxc2 Nf6 9. Nf3 e6 10. dxe6 Nfd7 11. exd7+ Ke7 12. Bf5 g6 13. Qe2+ Kd6 14.
d8=Q+ Kc6 15. Qf6+ Bd6 16. Ne5+ Kb6 17. Nc4+ Ka6 18. Nxd6+ b5 19. Ndxb5+ Kb7
20. Be4+ Kc8 21. Qxf7 Rd8 22. Qxc7# 1-0

[Event "NW Regional Scholastic Championships"]
[Site "Chess.com"]
[Date "2020.05.16"]
[Round "?"]
[White "sharvee"]
[Black "Lyancd"]
[Result "0-1"]
[WhiteElo "1253"]
[BlackElo "1225"]
[PlyCount "144"]
[EventDate "2020.??.??"]

1. e4 e6 2. d4 d5 3. exd5 exd5 4. Nf3 Nf6 5. Nc3 Bb4 6. Bd2 O-O 7. Be2 Re8 8.
O-O Qe7 9. Re1 Be6 10. Ng5 Qd7 11. Nxe6 Rxe6 12. a3 Bd6 13. Bh5 Nxh5 14. Qxh5
c6 15. Rxe6 Qxe6 16. Re1 Qd7 17. Qe2 Na6 18. Qf1 Bc7 19. Re2 Qd6 20. g3 h5 21.
Bf4 Qf6 22. Bxc7 Nxc7 23. Qh3 g6 24. Qh4 Qxh4 25. gxh4 Re8 26. Rd2 Ne6 27. Ne2
Ng7 28. b4 Nf5 29. Kg2 Nxh4+ 30. Kg3 Re4 31. f3 Nf5+ 32. Kf2 Rh4 33. Kg1 g5 34.
c3 g4 35. fxg4 Rxg4+ 36. Kh1 Nh4 37. Ng3 f5 38. Nxh5 Kf7 39. Ng3 f4 40. Nh5 Nf3
41. Rg2 Rh4 42. Rg7+ Kf8 43. Rg2 Rxh5 44. Rf2 Nh4 45. Rxf4+ Ke7 46. Rf2 Rh6 47.
Re2+ Re6 48. Rxe6+ Kxe6 49. Kg1 Nf3+ 50. Kg2 Ng5 51. Kg3 Kf5 52. h4 Nf7 53. a4
Nh6 54. b5 cxb5 55. axb5 Ke6 56. h5 a5 57. Kf2 a4 58. Ke2 a3 59. Kd2 a2 60. Kc2
a1=Q 61. Kd3 Qb1+ 62. Ke3 Qc2 63. Kf4 Qe4+ 64. Kg3 Kf5 65. Kh3 Kf4 66. Kh2 Qe2+
67. Kh3 Kf3 68. Kh4 Qh2+ 69. Kg5 Ng4 70. Kg6 Kf4 71. Kg7 Qxh5 72. Kf8 Kf5 0-1

[Event "NW Regional Scholastic Championships"]
[Site "Chess.com"]
[Date "2020.05.16"]
[Round "?"]
[White "tedwpnw"]
[Black "awesomemushroom"]
[Result "0-1"]
[WhiteElo "1565"]
[BlackElo "1335"]
[PlyCount "42"]
[EventDate "2020.??.??"]

1. e4 e5 2. Nf3 Nc6 3. Bc4 Bc5 4. c3 Nf6 5. d4 exd4 6. cxd4 Bb4+ 7. Bd2 Bxd2+
8. Nbxd2 d6 9. O-O Bg4 10. Qb3 O-O 11. Ng5 Qd7 12. Nxf7 Rxf7 13. Bxf7+ Qxf7 14.
Qxb7 Rf8 15. Qxc6 Qg6 16. e5 Bh3 17. exf6 Rxf6 18. Kh1 Be6 19. Ne4 Rf5 20. Ng3
Bd5 21. Nxf5 Qxg2# 0-1

[Event "NW Regional Scholastic Championships"]
[Site "Chess.com"]
[Date "2020.05.16"]
[Round "?"]
[White "Lyancd"]
[Black "awesomemushroom"]
[Result "0-1"]
[WhiteElo "1225"]
[BlackElo "1335"]
[PlyCount "42"]
[EventDate "2020.??.??"]

1. e4 e5 2. Nf3 Nc6 3. Bc4 Bc5 4. O-O Nf6 5. Nc3 d6 6. h3 h6 7. d3 g5 8. Nxg5
hxg5 9. Bxg5 Rg8 10. h4 Be6 11. Bb3 Nd4 12. Rc1 Nxb3 13. axb3 Bd4 14. Qf3 Rg6
15. Ne2 Bg4 16. Bxf6 Bxf3 17. Bxd8 Rxg2+ 18. Kh1 Rxf2+ 19. Kg1 Rxe2+ 20. Rf2
Rxf2 21. Bxc7 Rxc2+ 0-1

[Event "NW Regional Scholastic Championships"]
[Site "Chess.com"]
[Date "2020.05.16"]
[Round "?"]
[White "awesomemushroom"]
[Black "lucag2010"]
[Result "0-1"]
[WhiteElo "1335"]
[BlackElo "1135"]
[PlyCount "64"]
[EventDate "2020.??.??"]

1. e4 e5 2. Nf3 Nc6 3. Nc3 Nf6 4. Bb5 d6 5. d4 Bd7 6. d5 Ne7 7. Bxd7+ Qxd7 8.
O-O Ng6 9. Bg5 Be7 10. Re1 h6 11. Be3 c6 12. dxc6 bxc6 13. Re2 Rb8 14. Rb1 O-O
15. Rd2 Rfd8 16. Na4 Nxe4 17. Rd3 d5 18. Nd2 Nxd2 19. Qxd2 Qg4 20. h3 Qxa4 21.
a3 d4 22. Bxh6 gxh6 23. Qxh6 Qxc2 24. Rbd1 Rxb2 25. R3d2 Qc3 26. Rd3 Qc2 27.
R3d2 Qb3 28. Rd3 Qe6 29. Rg3 Qf6 30. Kh2 Rxf2 31. Rdd3 e4 32. Rb3 Bd6 0-1

[Event "NW Regional Scholastic Championships"]
[Site "Chess.com"]
[Date "2020.05.16"]
[Round "?"]
[White "Minaivanovic"]
[Black "lucag2010"]
[Result "0-1"]
[WhiteElo "1115"]
[BlackElo "1135"]
[PlyCount "62"]
[EventDate "2020.??.??"]

1. c4 e5 2. Nc3 Nc6 3. g3 Nf6 4. Bg2 d6 5. d3 Be7 6. Nf3 O-O 7. O-O a6 8. d4
exd4 9. Nxd4 Ne5 10. Nf3 Nxc4 11. Ng5 c6 12. Qd3 Ne5 13. Qc2 h6 14. Nf3 Nxf3+
15. Bxf3 Bh3 16. Bg2 Bxg2 17. Kxg2 d5 18. Bf4 Nh5 19. Be5 Bf6 20. Bxf6 Nxf6 21.
Rfd1 Re8 22. Re1 d4 23. Na4 Qd5+ 24. Kg1 Qh5 25. h4 Qg4 26. Kg2 Nh5 27. Qd2 Re3
28. fxe3 Nxg3 29. Kh2 Ne4 30. Qxd4 Qg3+ 31. Kh1 Nf2# 0-1

[Event "NW Regional Scholastic Championships"]
[Site "Chess.com"]
[Date "2020.05.16"]
[Round "?"]
[White "Aaronyalun"]
[Black "HermioneGranger100"]
[Result "1-0"]
[WhiteElo "1265"]
[BlackElo "1000"]
[PlyCount "55"]
[EventDate "2020.??.??"]

1. e4 d5 2. Nc3 d4 3. Nd5 e6 4. Nf4 e5 5. Nfe2 Nf6 6. d3 Nc6 7. Nf3 Bb4+ 8. c3
dxc3 9. Nxc3 O-O 10. Bd2 Bg4 11. Be2 Qe7 12. O-O Rad8 13. Qc2 Bxf3 14. Bxf3 Nd4
15. Qd1 Nxf3+ 16. Qxf3 a6 17. Qg3 Qd6 18. a3 Bc5 19. Nd5 Nxd5 20. exd5 Bd4 21.
Rab1 Qxd5 22. Bh6 e4 23. dxe4 Qxe4 24. Rfd1 Be5 25. Qg5 Rxd1+ 26. Rxd1 Bxb2 27.
h3 Bxa3 28. Qxg7# 1-0

[Event "NW Regional Scholastic Championships"]
[Site "Chess.com"]
[Date "2020.05.16"]
[Round "?"]
[White "lucag2010"]
[Black "Aaronyalun"]
[Result "1-0"]
[WhiteElo "1135"]
[BlackElo "1265"]
[PlyCount "59"]
[EventDate "2020.??.??"]

1. d4 d5 2. c4 e6 3. Nf3 Nf6 4. Nc3 Bb4 5. Bg5 h6 6. Bh4 g5 7. Bg3 Ne4 8. Rc1
Nc6 9. cxd5 Qxd5 10. Bxc7 Qxa2 11. Qc2 Nxc3 12. bxc3 Qxc2 13. Rxc2 Be7 14. e4
Bd7 15. d5 exd5 16. exd5 Bd8 17. dxc6 Bxc6 18. Re2+ Kf8 19. Be5 f6 20. Bd6+ Kg7
21. Nd4 Ba5 22. Re7+ Kg6 23. Bd3+ Kh5 24. O-O Bxc3 25. Ne2 Ba5 26. Ng3+ Kh4 27.
Nf5+ Kh5 28. Ng7+ Kh4 29. Bg3+ Kg4 30. Bf5# 1-0

[Event "NW Regional Scholastic Championships"]
[Site "Chess.com"]
[Date "2020.05.16"]
[Round "?"]
[White "tedwpnw"]
[Black "Aaronyalun"]
[Result "1-0"]
[WhiteElo "1565"]
[BlackElo "1265"]
[PlyCount "105"]
[EventDate "2020.??.??"]

1. e4 e5 2. Nf3 Nc6 3. Bc4 Bc5 4. c3 Nf6 5. d4 exd4 6. cxd4 Bb4+ 7. Bd2 Bxd2+
8. Nbxd2 O-O 9. e5 d5 10. Bd3 Ne4 11. Nxe4 dxe4 12. Bxe4 Bg4 13. Bxc6 bxc6 14.
O-O Rb8 15. Qd3 f6 16. Qc4+ Kh8 17. Nd2 Qd5 18. Qxd5 cxd5 19. f3 Rxb2 20. fxg4
Rxd2 21. Rac1 Rxd4 22. Rxc7 Rxg4 23. Rxa7 Re4 24. Re7 Kg8 25. exf6 gxf6 26.
Rxe4 dxe4 27. Re1 Ra8 28. Rxe4 Rxa2 29. h3 Kg7 30. Re7+ Kg6 31. Kh2 Kf5 32.
Rxh7 Kg5 33. h4+ Kg6 34. Re7 Ra4 35. Kh3 Kh5 36. Rd7 Rxh4+ 37. Kg3 Rg4+ 38. Kf3
Kg5 39. Rg7+ Kf5 40. Rxg4 Ke6 41. Kf4 Kf7 42. Kf5 Ke7 43. Rg7+ Kd6 44. Kxf6 Kd5
45. Re7 Kd6 46. g4 Kd5 47. g5 Kd6 48. g6 Kc5 49. g7 Kb4 50. g8=R Kb3 51. Rc7
Kb2 52. Rb8+ Ka2 53. Ra7# 1-0

[Event "NW Regional Scholastic Championships"]
[Site "Chess.com"]
[Date "2020.05.16"]
[Round "?"]
[White "ethanc509"]
[Black "ImportantBranch"]
[Result "1/2-1/2"]
[WhiteElo "1323"]
[BlackElo "1200"]
[PlyCount "114"]
[EventDate "2020.??.??"]

1. d4 e6 2. c4 d5 3. Nc3 Nf6 4. Bg5 Bb4 5. e3 c6 6. Bd3 Qa5 7. Nge2 Ne4 8. Bxe4
dxe4 9. O-O f5 10. a3 Bd6 11. c5 Bf8 12. b4 Qc7 13. Bf4 Qf7 14. Be5 Be7 15. Nf4
Nd7 16. Bc7 O-O 17. Qb3 Nf6 18. Be5 Bd7 19. b5 Nh5 20. Nfe2 Qe8 21. Nf4 Nxf4
22. Bxf4 cxb5 23. Rab1 a6 24. Rfc1 Bc6 25. d5 exd5 26. Nxd5 Bxd5 27. Qxd5+ Rf7
28. Qxb7 Bxc5 29. Qd5 Be7 30. Rc7 Rc8 31. Rbc1 Rxc7 32. Rxc7 Bxa3 33. Rxf7 Qxf7
34. Qa8+ Qf8 35. Qxa6 b4 36. h3 b3 37. Qc4+ Qf7 38. Qc8+ Qf8 39. Qc4+ Qf7 40.
Qb5 b2 41. Be5 g6 42. Bxb2 Bxb2 43. Qxb2 Qg7 44. Qb8+ Qf8 45. Qc7 Qf7 46. Qf4
Kg7 47. Kh2 Kf6 48. h4 Qe6 49. Kg3 Qe5 50. Qxe5+ Kxe5 51. f3 exf3 52. Kxf3 h6
53. g3 g5 54. hxg5 hxg5 55. g4 fxg4+ 56. Kxg4 Ke4 57. Kxg5 Kxe3 1/2-1/2

[Event "NW Regional Scholastic Championships"]
[Site "Chess.com"]
[Date "2020.05.16"]
[Round "?"]
[White "ImportantBranch"]
[Black "JacksonCompton"]
[Result "0-1"]
[WhiteElo "1200"]
[BlackElo "1628"]
[PlyCount "113"]
[EventDate "2020.??.??"]

1. e4 e5 2. Nf3 Nc6 3. Bc4 Nf6 4. Ng5 d5 5. exd5 Nxd5 6. Nxf7 Kxf7 7. Qf3+ Ke6
8. Nc3 Nd4 9. Bxd5+ Kd6 10. Qd3 c6 11. Bb3 Bf5 12. Ne4+ Kc7 13. O-O Nxb3 14.
axb3 Qxd3 15. cxd3 Bb4 16. f4 Rhe8 17. fxe5 Bg6 18. Rf4 Rxe5 19. Kf2 Rd5 20.
Ke3 Rad8 21. Ke2 a5 22. Ng5 Rxg5 23. g3 Re5+ 24. Kf3 Rxd3+ 25. Kf2 Bc5+ 26. Kg2
Bf5 27. Rxa5 b6 28. Raa4 Re2+ 29. Kf1 Re5 30. Ra7+ Kd6 31. Rxg7 Rxb3 32. Kg2
Rd3 33. h4 h5 34. Rg5 Be6 35. Rxe5 Kxe5 36. Kf1 Rxg3 37. Ra4 Rh3 38. Ke2 Bb3
39. Ra7 Kd4 40. Rd7+ Kc4 41. d3+ Kb4 42. Bd2+ Ka4 43. Ra7+ Kb5 44. Ra5+ bxa5
45. Bg5 Ba4 46. Kd2 Bd4 47. Be7 Kb6 48. Bd8+ Kb5 49. Bg5 Kb6 50. Bd8+ Kb5 51.
Bg5 Kc5 52. Be7+ Kd5 53. Bg5 Bb5 54. Kc1 Rh2 55. Be7 Rxb2 56. Ba3 Ra2 57. Be7
0-1

[Event "NW Regional Scholastic Championships"]
[Site "Chess.com"]
[Date "2020.05.16"]
[Round "?"]
[White "dkuo2"]
[Black "tedwpnw"]
[Result "0-1"]
[WhiteElo "816"]
[BlackElo "1565"]
[PlyCount "36"]
[EventDate "2020.??.??"]

1. e4 c5 2. Nf3 Nc6 3. Nc3 e6 4. Bc4 Nf6 5. d3 d5 6. exd5 exd5 7. Bxd5 Nxd5 8.
Nxd5 Qxd5 9. Bf4 Be7 10. O-O O-O 11. Qd2 Bg4 12. Qe2 Rfe8 13. Qd1 Nd4 14. c4
Qh5 15. h3 Nxf3+ 16. gxf3 Bxf3 17. Qd2 Qxh3 18. Qe3 Qh1# 0-1